Erdmann, Johann Eduard

Titel: Erdmann, Johann Eduard / Harald Seubert
Verfasser:
In: Ostdeutsche Gedenktage, (2005), Seite 97-105
alle Artikel anzeigen
Veröffentlicht: 2006
Umfang: Illustrationen
Format: Aufsatz
Sprache: Deutsch
Schlagworte:
Kein Bild verfügbar
X
alg: 43340455
001A    $03025:06-07-18 
001B    $03025:09-07-18 $t11:36:19.000 
001C    $03025:06-07-18 $t08:43:15.000 
001D    $03025:06-07-18 
001U    $0utf8 
001X    $00 
002@    $0Aou 
002C    $aText $btxt $2rdacontent 
002D    $aohne Hilfsmittel zu benutzen $bn $2rdamedia 
002E    $aBand $bnc $2rdacarrier 
003@    $0433404558 
007A    $0433404558 $aHEB 
010@    $ager 
010E    $erda 
011@    $a2006 
021A    $aErdmann, Johann Eduard $hHarald Seubert 
028A    $BVerfasser $#Seubert, Harald $#Seubert, H. $4aut $7124724485 $8Seubert, Harald$Z1967- [Tp1] $9155352296 
031A    $h97-105 $j2005 
034M    $aIllustrationen 
039B    $aEnthalten in $8--Abvc--. Ostdeutsche Gedenktage. - Bonn : Kulturstiftung der Vertriebenen, 1965-[2018] $x200500000000000903 $9047761881 
044K    $#Erdmann, Joannes Eduardus $#Erdmann, Johannes Eduardus $#Erdmann, Johann E. $#Erdmann, J. E. $#Erdmann, J.E. $#Erdmann $#Erdmann  $#Erdmann, Joannes E. $7118682261 $8Erdmann, Johann Eduard$Z1805-1892 [Tp1] $9087023113 
044K    $#Valmeera $#Wolmar $#Volmar $#Volmaria $#Valmierā $74309874-5 $8Valmiera [Tg1] $9086699792 
044K    $RPhilosophin $RPhilosophie $#Philosophers $#Philosophes $#Filosofi $#Filósofos $#Denker Philosoph $#Philosophen $74045790-4 $8Philosoph [Ts1] $9085128201 
045F    $a100 $eDDC23BSB 
045F/01 $a100 
045F/03 $f09034 
045F/03 $g4796 
045R    $aGeschichte 1805-1892 
045T    $a8,1 

lok: 43340455 78

exp: 43340455 78 1 #EPN
201B/01 $006-07-18 $t08:39:06.000 
201C/01 $006-07-18 
201U/01 $0utf8 
203@/01 $01024235866 
208@/01 $a06-07-18 $be 
209A/01 $a/ $f000 $x00 
209A/01 $ab*p $x01 
220C/01 $awma 
244Z/01 $#Lettland $#Lettland $#Latvija $#Latvijas Republika $#Lettische Republik $#Lettische SSR $#Latvijskaja SSR $74074187-4 $8--Tg1--Lettland $x08 $9085208876 
247C/01 $82080>Marburg/Lahn, Herder-Institut, Forschungsbibliothek, Bibliographieportal $9336309341
LEADER 00000caa a2200000 c 4500
001 433404558
003 DE-603
005 20180709113619.0
007 tu
008 180706s2006 xx |||| | u00||u|ger c
035 |a (DE-599)HEB433404558 
040 |a DE-603  |b ger  |c DE-603  |d DE-603  |e rda 
041 |a ger 
082 0 4 |8 1\u  |a 100  |q DE-101  |2 23/BSB 
084 |a 8,1  |2 ssgn 
085 |8 1\u  |b 100 
085 |8 1\u  |z 1  |s 09034 
085 |8 1\u  |z 2  |s 4796 
100 1 |a Seubert, Harald  |d 1967-  |e Verfasser  |4 aut  |0 (DE-603)155352296  |0 (DE-588)124724485  |2 gnd 
245 0 0 |a Erdmann, Johann Eduard  |c Harald Seubert 
264 0 |c 2006 
300 |b Illustrationen 
336 |a Text  |b txt  |2 rdacontent 
337 |a ohne Hilfsmittel zu benutzen  |b n  |2 rdamedia 
338 |a Band  |b nc  |2 rdacarrier 
600 1 7 |a Erdmann, Johann Eduard  |d 1805-1892  |0 (DE-588)118682261  |0 (DE-603)087023113  |2 gnd 
648 7 |a Geschichte 1805-1892  |2 gnd 
650 7 |a Philosoph  |0 (DE-588)4045790-4  |0 (DE-603)085128201  |2 gnd 
651 7 |a Valmiera  |0 (DE-588)4309874-5  |0 (DE-603)086699792  |2 gnd 
773 0 8 |i Enthalten in  |t Ostdeutsche Gedenktage  |d Bonn : Kulturstiftung der Vertriebenen, 1965-[2018]  |g (2005), Seite 97-105  |w (DE-603)047761881  |w (DE-600)521278-9 
924 0 |9 2080  |a (DE-603)1024235866  |b DE-2080  |c HES  |d d  |g /